000
00303nam a22001097a 4500
008
160620b xxu||||| |||| 00| 0 eng d
100
_9
117
_a
Rucker, W. E
245
_a
Basic Worksheet: Heath Mathematics
260
_b
D.C. Heath & Comp.
_c
1987
300
_a
Basic Worksheet: Heath Mathematics
942
_2
ddc
_c
BK
999
_c
91
_d
91